[Event "London op"]
[Site "London CAN"]
[Date "2004.02.12"]
[Round "5"]
[White "Wong, Wylon"]
[Black "Giurgiu, Nicolas"]
[Result "1-0"]
[WhiteElo "1910"]
[BlackElo "1930"]
[PlyCount "59"]
[GameId "2160767911208941"]
[EventDate "2004.01.08"]
[EventType "swiss"]
[EventRounds "8"]
[EventCountry "CAN"]

1. d4 d5 2. c4 e6 3. Nf3 c6 4. Nc3 Nd7 5. e3 Ngf6 6. c5 b6 7. b4 a5 8. Qa4 b5 9. Qb3 axb4 10. Qxb4 Nb6 11. Ne5 Qc7 12. Nxc6 Nc4 13. Bxc4 bxc4 14. Ne5 Nd7 15. Nb5 Qb8 16. Nc6 Qb7 17. Na5 Qb8 18. a4 Ba6 19. Bd2 e5 20. O-O e4 21. f3 Nf6 22. Nc6 Qc8 23. Ne5 Be7 24. fxe4 Nxe4 25. Nxf7 O-O 26. Nfd6 Nxd6 27. cxd6 Bh4 28. Rxf8+ Qxf8 29. Rf1 Qe8 30. Nc7 1-0

[Event "London op"]
[Site "London CAN"]
[Date "2004.03.14"]
[Round "5"]
[White "Demmery, Steve"]
[Black "Van der Velde, Bill"]
[Result "1-0"]
[WhiteElo "2096"]
[BlackElo "1821"]
[PlyCount "85"]
[GameId "2160767911208942"]
[EventDate "2004.01.08"]
[EventType "swiss"]
[EventRounds "8"]
[EventCountry "CAN"]

1. d4 d5 2. c4 e6 3. Nf3 Nf6 4. g3 c6 5. Bg2 Bd6 6. Nc3 Nbd7 7. O-O O-O 8. Qc2 b6 9. e4 dxe4 10. Ng5 Bb7 11. Ngxe4 Be7 12. Bf4 Rc8 13. Rad1 Ba8 14. Qa4 a5 15. a3 Nh5 16. Bc1 f5 17. Nd2 g5 18. Rfe1 Ng7 19. Nf3 h6 20. b4 Qc7 21. Qb3 Bf6 22. Bb2 axb4 23. axb4 g4 24. Ne5 Nxe5 25. dxe5 Bxe5 26. Rxe5 Qxe5 27. Nd5 Qb8 28. Ne7+ Kh7 29. Qc3 Rf7 30. Nxc8 Qxc8 31. Rd6 Qc7 32. c5 b5 33. Qd4 Re7 34. Qf6 Rf7 35. Qd4 Re7 36. Qf4 Nh5 37. Qd2 Ng7 38. Bc1 h5 39. Qh6+ Kg8 40. Bg5 Rd7 41. Bf6 Rxd6 42. cxd6 Qd7 43. Bxg7 1-0

[Event "London op"]
[Site "London CAN"]
[Date "2004.02.19"]
[Round "6"]
[White "Giurgiu, Nicolas"]
[Black "Dobrishman, Liat"]
[Result "0-1"]
[WhiteElo "1930"]
[BlackElo "1860"]
[PlyCount "80"]
[GameId "2160767911208943"]
[EventDate "2004.01.08"]
[EventType "swiss"]
[EventRounds "8"]
[EventCountry "CAN"]

1. e4 e5 2. Nf3 d6 3. d4 exd4 4. Nxd4 Nf6 5. Nc3 Be7 6. Bc4 O-O 7. O-O Nbd7 8. f4 Nc5 9. Qf3 Bg4 10. Qe3 Be6 11. Nxe6 Nxe6 12. Kh1 c6 13. Rd1 Qc7 14. f5 Nc5 15. b4 Ncd7 16. Qg3 Ne5 17. Be2 Rfd8 18. Bf4 Re8 19. Rd2 Rad8 20. Rad1 Kh8 21. a4 Bf8 22. Bxe5 Rxe5 23. Qxe5 dxe5 24. Rxd8 Kg8 25. Ra8 Qe7 26. b5 g6 27. g4 g5 28. a5 Qb4 29. Rdd8 Qxc3 30. Rxf8+ Kg7 31. Kg2 Qxc2 32. Kf1 Qxe4 33. bxc6 bxc6 34. Rfd8 Qh1+ 35. Kf2 Qxh2+ 36. Ke1 Qg1+ 37. Kd2 e4 38. Rd6 Qc5 39. Rad8 Qxa5+ 40. Kd1 Qa4+ 0-1

[Event "London op"]
[Site "London CAN"]
[Date "2004.02.19"]
[Round "6"]
[White "Morabito, Matthew"]
[Black "Harris, Mike"]
[Result "0-1"]
[WhiteElo "1849"]
[BlackElo "1997"]
[PlyCount "62"]
[GameId "2160767911208944"]
[EventDate "2004.01.08"]
[EventType "swiss"]
[EventRounds "8"]
[EventCountry "CAN"]

1. Nf3 f5 2. d4 d5 3. e3 Nf6 4. c4 e6 5. Nc3 c6 6. a3 Bd6 7. b4 Ne4 8. Bd2 O-O 9. c5 Bc7 10. b5 Nd7 11. Bd3 e5 12. Nxe5 Nxe5 13. Bxe4 fxe4 14. dxe5 Bxe5 15. Rc1 Qg5 16. g3 Bg4 17. Qb3 Qf5 18. f4 exf3 19. Kf2 Kh8 20. Nd1 Qh5 21. Nb2 Rae8 22. Nd3 Bb8 23. bxc6 bxc6 24. Qb7 Qh6 25. Rb1 d4 26. Rbe1 dxe3+ 27. Bxe3 Rxe3 28. Rxe3 Bxg3+ 29. hxg3 Qxh1 30. Nf4 Qh2+ 31. Kf1 f2 0-1

[Event "London op"]
[Site "London CAN"]
[Date "2004.02.19"]
[Round "6"]
[White "Thomas, Daniel"]
[Black "Mandoshkin, Jake"]
[Result "1-0"]
[WhiteElo "2201"]
[BlackElo "2023"]
[PlyCount "45"]
[GameId "2160767911208945"]
[EventDate "2004.01.08"]
[EventType "swiss"]
[EventRounds "8"]
[EventCountry "CAN"]

1. d4 Nf6 2. c4 e6 3. Nc3 Bb4 4. Qc2 O-O 5. e4 d5 6. e5 Ne4 7. Nf3 c5 8. Be3 Qa5 9. Rc1 Qxa2 10. Bd3 Nxc3 11. Bxh7+ Kh8 12. O-O cxd4 13. Ng5 Qxc4 14. bxc3 Be7 15. Bd3 Qc7 16. Qe2 g6 17. cxd4 Qd8 18. Qg4 Kg7 19. Nxf7 Rxf7 20. Bxg6 Bf6 21. Bh6+ Kg8 22. exf6 e5 23. Rxc8 1-0

[Event "London op"]
[Site "London CAN"]
[Date "2004.02.19"]
[Round "6"]
[White "Zendrowski, Jay"]
[Black "Guttman, Richard"]
[Result "1-0"]
[WhiteElo "2252"]
[BlackElo "1850"]
[PlyCount "41"]
[GameId "2160767911208946"]
[EventDate "2004.01.08"]
[EventType "swiss"]
[EventRounds "8"]
[EventCountry "CAN"]

1. Nf3 e6 2. d4 d5 3. c4 Nf6 4. Nc3 c6 5. e3 Nbd7 6. Qc2 Bd6 7. g4 dxc4 8. Bxc4 Nb6 9. Bb3 Nxg4 10. h3 Nf6 11. e4 Bb4 12. Bd2 a5 13. a3 Be7 14. Rg1 Nh5 15. O-O-O Bd7 16. e5 Qc7 17. Ne4 Nd5 18. Bg5 Bf8 19. Rde1 h6 20. Bxd5 exd5 21. Nd6+ 1-0

[Event "London op"]
[Site "London CAN"]
[Date "2004.03.04"]
[Round "7"]
[White "Fragakos, Angelo"]
[Black "Giurgiu, Nicolas"]
[Result "1/2-1/2"]
[WhiteElo "1923"]
[BlackElo "1930"]
[PlyCount "124"]
[GameId "2160767911208947"]
[EventDate "2004.01.08"]
[EventType "swiss"]
[EventRounds "8"]
[EventCountry "CAN"]

1. d4 Nf6 2. Nf3 e6 3. Bf4 d5 4. e3 Nbd7 5. Bd3 c5 6. c3 Be7 7. Nbd2 Nh5 8. Bg3 Nxg3 9. hxg3 g6 10. Qc2 Qc7 11. O-O-O e5 12. dxe5 Nxe5 13. Nxe5 Qxe5 14. Bb5+ Kf8 15. e4 a6 16. f4 Qc7 17. Be2 dxe4 18. Nxe4 b5 19. Bf3 Bb7 20. Kb1 Kg7 21. Ng5 Bxf3 22. Nxf3 Bf6 23. Rd5 Rad8 24. Rhd1 Rxd5 25. Rxd5 Rd8 26. Qd1 Rxd5 27. Qxd5 Qd8 28. Qxd8 Bxd8 29. Kc2 Kf6 30. Kd3 Kf5 31. Ke3 Bf6 32. Nh2 a5 33. g4+ Ke6 34. Ke4 b4 35. cxb4 axb4 36. b3 Bc3 37. f5+ Kd6 38. Nf3 h6 39. fxg6 fxg6 40. Nh4 h5 41. gxh5 gxh5 42. Nf5+ Kc6 43. Ne7+ Kd6 44. Nd5 Be1 45. Nf4 h4 46. Nd3 Bg3 47. Nc1 Be5 48. Ne2 Bf6 49. Nf4 Bg5 50. Nd5 Ke6 51. Nc7+ Kd6 52. Ne8+ Ke6 53. Nc7+ Kd6 54. Ne8+ Ke6 55. Ng7+ Kd6 56. Nh5 Bd8 57. Ng7 Bg5 58. Nh5 Ke6 59. Nf4+ Kd6 60. Kf5 Bd8 61. Kg4 Ke5 62. Kf3 Bg5 1/2-1/2

[Event "London op"]
[Site "London CAN"]
[Date "2004.03.04"]
[Round "7"]
[White "Thomas, Daniel"]
[Black "Zendrowski, Jay"]
[Result "1/2-1/2"]
[WhiteElo "2201"]
[BlackElo "2252"]
[PlyCount "74"]
[GameId "2160767911208948"]
[EventDate "2004.01.08"]
[EventType "swiss"]
[EventRounds "8"]
[EventCountry "CAN"]

1. d4 d5 2. Nf3 Nf6 3. Bg5 Nbd7 4. e3 e6 5. c4 c6 6. Be2 Bb4+ 7. Nbd2 Qa5 8. Bxf6 Nxf6 9. O-O O-O 10. Nb3 Qd8 11. Rc1 Bd6 12. Nc5 Qe7 13. Nd3 Ne4 14. Nd2 Nxd2 15. Qxd2 dxc4 16. Rxc4 e5 17. dxe5 Bxe5 18. Nxe5 Qxe5 19. Bf3 Be6 20. Rb4 Rad8 21. Qc1 Rd7 22. Rd1 Rfd8 23. Rxd7 Rxd7 24. g3 c5 25. Rxb7 Rxb7 26. Bxb7 Qc7 27. Qd2 Bxa2 28. b4 cxb4 29. Qxb4 g6 30. Be4 Be6 31. Kg2 Qb6 32. Qa4 a5 33. h4 h5 34. Qe8+ Kg7 35. Bc6 Qc5 36. e4 Bb3 37. Qd7 Be6 1/2-1/2

[Event "London op"]
[Site "London CAN"]
[Date "2004.03.11"]
[Round "8"]
[White "Giurgiu, Nicolas"]
[Black "Van der Velde, Bill"]
[Result "1-0"]
[WhiteElo "1930"]
[BlackElo "1821"]
[PlyCount "97"]
[GameId "2160767911208949"]
[EventDate "2004.01.08"]
[EventType "swiss"]
[EventRounds "8"]
[EventCountry "CAN"]

1. e4 c5 2. Nf3 g6 3. d4 cxd4 4. Nxd4 Nc6 5. Be2 Bg7 6. Be3 Nf6 7. Nc3 O-O 8. O-O d6 9. f4 Bd7 10. Kh1 Nxd4 11. Bxd4 Bc6 12. Bf3 Nd7 13. Be3 Nc5 14. e5 Bxf3 15. Qxf3 b6 16. Rad1 Qb8 17. exd6 exd6 18. f5 Nd7 19. Qd5 Nf6 20. Qf3 h5 21. Bf4 Rd8 22. Bg5 Rf8 23. Nd5 Ng4 24. h3 Ne5 25. Qe4 f6 26. Be3 g5 27. Rd2 Rf7 28. Rfd1 Qb7 29. Qb4 Qc6 30. a4 Rc8 31. b3 Kh7 32. c4 Nd7 33. Nc3 Bf8 34. Rd5 Nc5 35. Nb5 Re8 36. Bg1 Re2 37. Nd4 Qe8 38. Nxe2 Qxe2 39. Bxc5 bxc5 40. Qe1 Re7 41. Qxe2 Rxe2 42. Kg1 Re5 43. Kf2 Kg8 44. Kf3 Kf7 45. g4 Ke8 46. gxh5 Kd7 47. Rxe5 fxe5 48. Kg4 Bh6 49. f6 1-0

[Event "London op"]
[Site "London CAN"]
[Date "2004.03.11"]
[Round "8"]
[White "Harris, Mike"]
[Black "Fragakos, Angelo"]
[Result "1/2-1/2"]
[WhiteElo "1997"]
[BlackElo "1923"]
[PlyCount "48"]
[GameId "2160767911208950"]
[EventDate "2004.01.08"]
[EventType "swiss"]
[EventRounds "8"]
[EventCountry "CAN"]

1. e4 e5 2. c4 Bc5 3. Nc3 Nc6 4. g3 d6 5. Bg2 Be6 6. d3 Qd7 7. Be3 Nge7 8. Qd2 Nd4 9. Bxd4 Bxd4 10. Nge2 c5 11. Nxd4 cxd4 12. Ne2 O-O 13. O-O Bh3 14. Qg5 Bxg2 15. Kxg2 f5 16. f3 Rf6 17. Rf2 Raf8 18. Raf1 Rg6 19. Qd2 f4 20. Kh1 fxg3 21. hxg3 Rh6+ 22. Rh2 Rff6 23. Ng1 Qe8 24. Rff2 Nc6 1/2-1/2

[Event "London op"]
[Site "London CAN"]
[Date "2004.03.11"]
[Round "8"]
[White "Jackson, David"]
[Black "Zendrowski, Jay"]
[Result "1/2-1/2"]
[WhiteElo "2111"]
[BlackElo "2252"]
[PlyCount "32"]
[GameId "2160767911208951"]
[EventDate "2004.01.08"]
[EventType "swiss"]
[EventRounds "8"]
[EventCountry "CAN"]

1. e4 c5 2. Nf3 Nc6 3. d4 cxd4 4. Nxd4 Nf6 5. Nc3 e5 6. Ndb5 d6 7. Nd5 Nxd5 8. exd5 Ne7 9. Be2 a6 10. Nc3 Nf5 11. O-O Be7 12. f4 O-O 13. Qd3 g6 14. g4 Nd4 15. f5 gxf5 16. gxf5 Kh8 1/2-1/2

[Event "London op"]
[Site "London CAN"]
[Date "2004.03.14"]
[Round "8"]
[White "Wang, David"]
[Black "Demmery, Steve"]
[Result "0-1"]
[WhiteElo "2110"]
[BlackElo "2100"]
[PlyCount "92"]
[GameId "2160767911208952"]
[EventDate "2004.01.08"]
[EventType "swiss"]
[EventRounds "8"]
[EventCountry "CAN"]
[SourceTitle "EXT 2006"]
[Source "ChessBase"]
[SourceDate "2005.11.24"]
[SourceVersion "1"]
[SourceVersionDate "2005.11.24"]
[SourceQuality "1"]

1. e4 Nc6 2. Nf3 d6 3. d4 Nf6 4. Nc3 Bg4 5. Be3 e6 6. h3 Bh5 7. a3 Be7 8. g4 Bg6 9. d5 exd5 10. exd5 Ne5 11. Nd4 Ne4 12. Bb5+ Nd7 13. Nde2 O-O 14. Bd3 Nxc3 15. Nxc3 Bg5 16. Kd2 Bxe3+ 17. fxe3 Qe7 18. Qe2 Rae8 19. Raf1 Nc5 20. h4 Bxd3 21. cxd3 Nb3+ 22. Kc2 Nd4+ 23. exd4 Qxe2+ 24. Nxe2 Rxe2+ 25. Kc3 f6 26. Rf4 g6 27. Rhf1 Kg7 28. Re4 Re8 29. Ref4 Rf8 30. Re4 Rh2 31. g5 f5 32. Ref4 Re8 33. b3 Re3 34. a4 Kf7 35. Kb4 Ke7 36. Rc1 Kd7 37. Rc3 Re1 38. a5 a6 39. Rf3 Rxh4 40. Rf2 Rxd4+ 41. Ka3 Rxd5 42. b4 Re3 43. Rh2 Re7 44. Rhc2 c6 45. Ka4 Rf7 46. Rf2 f4 0-1

[Event "Manitoba-ch"]
[Site "Winnipeg CAN"]
[Date "2004.07.04"]
[Round "1"]
[White "Lipnowski, Samuel"]
[Black "Gentes, Kevin"]
[Result "0-1"]
[WhiteElo "2288"]
[BlackElo "2323"]
[PlyCount "64"]
[GameId "2160767911096094"]
[EventDate "2004.07.04"]
[EventType "match"]
[EventRounds "4"]
[EventCountry "CAN"]
[SourceTitle "EXT 2006"]
[Source "ChessBase"]
[SourceDate "2005.11.24"]
[SourceVersion "1"]
[SourceVersionDate "2005.11.24"]
[SourceQuality "1"]

1. e4 e5 2. Nf3 Nc6 3. Bb5 a6 4. Bxc6 dxc6 5. O-O Qe7 6. d4 exd4 7. Nxd4 Bd7 8. Nc3 O-O-O 9. Qf3 g6 10. Be3 h5 11. h3 Nh6 12. Rfd1 Ng4 13. hxg4 Bxg4 14. Qg3 Bxd1 15. Rxd1 c5 16. Nb3 Rxd1+ 17. Nxd1 Qxe4 18. Nc3 Qxc2 19. Bxc5 Bg7 20. Qh3+ f5 21. Qe3 Qxb2 22. Bd4 Bxd4 23. Qxd4 Rd8 24. Qf6 Rd1+ 25. Kh2 Rd6 26. Qh8+ Rd8 27. Qf6 Qxf2 28. Qxg6 Qh4+ 29. Kg1 Qe1+ 30. Kh2 Qe5+ 31. Qg3 Qxg3+ 32. Kxg3 Rd3+ 0-1

[Event "Manitoba-ch"]
[Site "Winnipeg CAN"]
[Date "2004.07.04"]
[Round "2"]
[White "Gentes, Kevin"]
[Black "Lipnowski, Samuel"]
[Result "0-1"]
[WhiteElo "2323"]
[BlackElo "2288"]
[PlyCount "112"]
[GameId "2160767911096095"]
[EventDate "2004.07.04"]
[EventType "match"]
[EventRounds "4"]
[EventCountry "CAN"]
[SourceTitle "EXT 2006"]
[Source "ChessBase"]
[SourceDate "2005.11.24"]
[SourceVersion "1"]
[SourceVersionDate "2005.11.24"]
[SourceQuality "1"]

1. e4 c5 2. Nf3 e6 3. d4 cxd4 4. Nxd4 a6 5. Nc3 b5 6. Be2 Bb7 7. O-O b4 8. Na4 Bxe4 9. Bf3 Nf6 10. Re1 d5 11. Bxe4 dxe4 12. Be3 Nbd7 13. Qe2 Qa5 14. b3 Bd6 15. Nb2 Qc7 16. h3 O-O 17. Nc4 Bf4 18. Rad1 Bxe3 19. Qxe3 Nb6 20. Nxe6 Nxc4 21. Nxc7 Nxe3 22. Rxe3 Ra7 23. Nd5 Nxd5 24. Rxd5 f5 25. c3 bxc3 26. Rxc3 Rf6 27. Rd8+ Kf7 28. Rdc8 f4 29. R8c7+ Rxc7 30. Rxc7+ Kg6 31. Re7 Kf5 32. Rxg7 Rc6 33. g4+ Ke5 34. Rg5+ Kd4 35. Rf5 f3 36. Kh2 Rc1 37. Kg3 Rg1+ 38. Kf4 Rf1 39. Rf8 Kd3 40. Rd8+ Ke2 41. Kxe4 Kxf2 42. g5 Kg3 43. Rd3 Re1+ 44. Kf5 Kg2 45. h4 f2 46. Rd2 Kf3 47. Rxf2+ Kxf2 48. g6 hxg6+ 49. Kxg6 Rg1+ 50. Kf6 Ke3 51. h5 Rg2 52. h6 Rxa2 53. h7 Rh2 54. Kg7 Kd4 55. h8=Q Rxh8 56. Kxh8 Kc3 0-1

[Event "Manitoba-ch"]
[Site "Winnipeg CAN"]
[Date "2004.07.04"]
[Round "3"]
[White "Lipnowski, Samuel"]
[Black "Gentes, Kevin"]
[Result "1-0"]
[WhiteElo "2288"]
[BlackElo "2323"]
[PlyCount "107"]
[GameId "2160767911096096"]
[EventDate "2004.07.04"]
[EventType "match"]
[EventRounds "4"]
[EventCountry "CAN"]
[SourceTitle "EXT 2006"]
[Source "ChessBase"]
[SourceDate "2005.11.24"]
[SourceVersion "1"]
[SourceVersionDate "2005.11.24"]
[SourceQuality "1"]

1. d4 d5 2. Nf3 e6 3. Bg5 Be7 4. Bxe7 Qxe7 5. c3 Nf6 6. e3 O-O 7. Nbd2 b6 8. Bd3 Ba6 9. Bxa6 Nxa6 10. Qe2 Nb8 11. O-O c5 12. e4 dxe4 13. Nxe4 Nxe4 14. Qxe4 Nd7 15. Rad1 Nf6 16. Qh4 Rfe8 17. Ne5 Rac8 18. Rfe1 cxd4 19. Rxd4 Rc5 20. Ng4 Nd5 21. Qxe7 Nxe7 22. Rd7 Ra5 23. a3 Nf5 24. Re5 h5 25. Rxa5 bxa5 26. Ne5 Re7 27. Rxe7 Nxe7 28. a4 f6 29. Nc4 Nc8 30. Nxa5 Nb6 31. b3 Nd5 32. c4 Nb4 33. Kf1 Kf8 34. Ke2 Ke7 35. Nb7 Kd7 36. Nc5+ Kd6 37. Nd3 Nxd3 38. Kxd3 Kc5 39. a5 Kb4 40. Kd4 a6 41. h4 g6 42. f4 Kxa5 43. Kc5 e5 44. fxe5 fxe5 45. Kd5 Kb4 46. Kxe5 a5 47. Kd5 Kxb3 48. c5 a4 49. c6 a3 50. c7 a2 51. c8=Q a1=Q 52. Qc4+ Ka3 53. Qa6+ Kb2 54. Qf6+ 1-0

[Event "Manitoba-ch"]
[Site "Winnipeg CAN"]
[Date "2004.07.04"]
[Round "4"]
[White "Gentes, Kevin"]
[Black "Lipnowski, Samuel"]
[Result "1/2-1/2"]
[WhiteElo "2323"]
[BlackElo "2288"]
[PlyCount "75"]
[GameId "2160767911096097"]
[EventDate "2004.07.04"]
[EventType "match"]
[EventRounds "4"]
[EventCountry "CAN"]
[SourceTitle "EXT 2006"]
[Source "ChessBase"]
[SourceDate "2005.11.24"]
[SourceVersion "1"]
[SourceVersionDate "2005.11.24"]
[SourceQuality "1"]

1. d4 Nf6 2. c4 e6 3. g3 d5 4. Bg2 Be7 5. Nf3 O-O 6. O-O dxc4 7. Qc2 a6 8. a4 Bd7 9. Ne5 Bc6 10. Bxc6 Nxc6 11. Nxc6 bxc6 12. Rd1 Qd5 13. Nd2 Qxd4 14. Nxc4 Qe4 15. Qxe4 Nxe4 16. Na5 Bc5 17. Be3 Bxe3 18. fxe3 Rab8 19. Rd4 Nd6 20. Rd2 c5 21. Rc1 Rb4 22. b3 g6 23. Rd3 c4 24. Rd4 e5 25. Rh4 c5 26. Rd1 cxb3 27. Rxb4 cxb4 28. Rxd6 b2 29. Rd1 Rc8 30. Nb3 Rc3 31. Rb1 Rxb3 32. Kf2 f5 33. Ke1 a5 34. Kd2 e4 35. Kc2 Rxe3 36. Kd2 Rb3 37. Kc2 Re3 38. Kd2 1/2-1/2

[Event "Manitoba-ch playoff"]
[Site "Winnipeg CAN"]
[Date "2004.06.25"]
[Round "1"]
[White "Cleto, Sam"]
[Black "Gentes, Kevin"]
[Result "0-1"]
[WhiteElo "1903"]
[BlackElo "2329"]
[PlyCount "80"]
[GameId "2160767911096134"]
[EventDate "2004.06.25"]
[EventType "tourn"]
[EventRounds "6"]
[EventCountry "CAN"]
[SourceTitle "EXT 2006"]
[Source "ChessBase"]
[SourceDate "2005.11.24"]
[SourceVersion "1"]
[SourceVersionDate "2005.11.24"]
[SourceQuality "1"]

1. d4 Nf6 2. Nf3 b6 3. c4 e6 4. a3 Bb7 5. Nc3 d5 6. cxd5 Nxd5 7. e3 Nd7 8. Qc2 Be7 9. e4 Nxc3 10. bxc3 c5 11. Bd3 Qc8 12. O-O cxd4 13. cxd4 Qxc2 14. Bxc2 O-O 15. Bd3 Rfd8 16. Bb2 Nc5 17. dxc5 Rxd3 18. Ne5 Rd2 19. c6 Rxb2 20. cxb7 Rb8 21. Rfd1 Rxb7 22. Rac1 g6 23. g3 Bxa3 24. Rc8+ Kg7 25. Rdd8 h5 26. g4 Rb1+ 27. Kg2 Bb2 28. f4 g5 29. gxh5 gxf4 30. Ng4 f5 31. Rg8+ Kh7 32. e5 fxg4 33. Rh8+ Kg7 34. h6+ Kg6 35. Rcg8+ Kf5 36. Rg7 f3+ 37. Kg3 Bxe5+ 38. Kh4 Bxg7 39. hxg7 Rxg7 40. h3 g3 0-1

[Event "Manitoba-ch playoff"]
[Site "Winnipeg CAN"]
[Date "2004.06.26"]
[Round "3"]
[White "Lipnowski, Samuel"]
[Black "Cleto, Sam"]
[Result "1-0"]
[WhiteElo "2288"]
[BlackElo "1903"]
[PlyCount "79"]
[GameId "2160767911096135"]
[EventDate "2004.06.25"]
[EventType "tourn"]
[EventRounds "6"]
[EventCountry "CAN"]
[SourceTitle "EXT 2006"]
[Source "ChessBase"]
[SourceDate "2005.11.24"]
[SourceVersion "1"]
[SourceVersionDate "2005.11.24"]
[SourceQuality "1"]

1. e4 c6 2. c4 g6 3. d4 Bg7 4. Nc3 d6 5. Be3 Nf6 6. f3 O-O 7. Qd2 b5 8. cxb5 a6 9. bxc6 Nxc6 10. Nge2 Re8 11. Ng3 e5 12. d5 Nd4 13. Nce2 Nh5 14. Nxh5 gxh5 15. Nxd4 exd4 16. Bxd4 Bxd4 17. Qxd4 Qa5+ 18. b4 Qa4 19. Bd3 a5 20. O-O axb4 21. Rfb1 h4 22. Rxb4 Qa3 23. Rb3 Qa5 24. Qf6 h3 25. Qxd6 Qd2 26. Qg3+ Kh8 27. Qf2 Qg5 28. Kh1 Qe5 29. Rg1 Rg8 30. Qb2 Qxb2 31. Rxb2 Ra3 32. Be2 Rc3 33. gxh3 Bxh3 34. Rxg8+ Kxg8 35. Kg1 Kg7 36. Kf2 h5 37. Kg3 Bg4 38. Kf4 Bh3 39. a4 f6 40. Ra2 1-0

[Event "Manitoba-ch playoff"]
[Site "Winnipeg CAN"]
[Date "2004.06.27"]
[Round "4"]
[White "Cleto, Sam"]
[Black "Lipnowski, Samuel"]
[Result "1-0"]
[WhiteElo "1903"]
[BlackElo "2288"]
[PlyCount "55"]
[GameId "2160767911096136"]
[EventDate "2004.06.25"]
[EventType "tourn"]
[EventRounds "6"]
[EventCountry "CAN"]
[SourceTitle "EXT 2006"]
[Source "ChessBase"]
[SourceDate "2005.11.24"]
[SourceVersion "1"]
[SourceVersionDate "2005.11.24"]
[SourceQuality "1"]

1. Nf3 d5 2. d4 c6 3. c4 Nf6 4. Nc3 a6 5. Bg5 Ne4 6. Nxe4 dxe4 7. Nd2 Qxd4 8. Be3 Qxb2 9. Nxe4 Bf5 10. Rb1 Qe5 11. f3 Bxe4 12. fxe4 Qxe4 13. Kf2 Qf5+ 14. Kg1 b5 15. cxb5 axb5 16. g4 Qe6 17. Qc1 Rxa2 18. Bg2 Rxe2 19. Ba7 Qxg4 20. Bf2 e6 21. h3 Qg6 22. Rxb5 cxb5 23. Qc8+ Ke7 24. Qxb8 Rxf2 25. Kxf2 Kf6 26. Rf1 Kg5 27. h4+ Kg4 28. Qg3+ 1-0

[Event "Manitoba-ch playoff"]
[Site "Winnipeg CAN"]
[Date "2004.06.27"]
[Round "5"]
[White "Lipnowski, Samuel"]
[Black "Gentes, Kevin"]
[Result "1/2-1/2"]
[WhiteElo "2288"]
[BlackElo "2329"]
[PlyCount "77"]
[GameId "2160767911096137"]
[EventDate "2004.06.25"]
[EventType "tourn"]
[EventRounds "6"]
[EventCountry "CAN"]
[SourceTitle "EXT 2006"]
[Source "ChessBase"]
[SourceDate "2005.11.24"]
[SourceVersion "1"]
[SourceVersionDate "2005.11.24"]
[SourceQuality "1"]

1. e4 e5 2. Nf3 Nc6 3. Bb5 a6 4. Bxc6 dxc6 5. O-O f6 6. d4 exd4 7. Nxd4 c5 8. Nb3 Qxd1 9. Rxd1 Bg4 10. f3 Bd7 11. Bf4 O-O-O 12. Nc3 Be6 13. Rxd8+ Kxd8 14. Rd1+ Kc8 15. Nd5 Bxd5 16. Rxd5 b6 17. Kf2 Ne7 18. Rd1 Ng6 19. Bg3 Be7 20. Nc1 Rf8 21. Rd5 Bd8 22. Ne2 Ne7 23. Rd1 Ng6 24. Nf4 Nxf4 25. Bxf4 f5 26. Re1 fxe4 27. Rxe4 Kd7 28. Ke3 b5 29. Be5 g6 30. f4 c4 31. Kd4 Rf7 32. g4 Be7 33. Re2 Bd6 34. Re4 Kc6 35. Ke3 Kd5 36. Rd4+ Ke6 37. Re4 Kd5 38. Rd4+ Ke6 39. Re4 1/2-1/2

[Event "Manitoba-ch playoff"]
[Site "Winnipeg CAN"]
[Date "2004.06.29"]
[Round "6"]
[White "Gentes, Kevin"]
[Black "Cleto, Sam"]
[Result "1-0"]
[WhiteElo "2329"]
[BlackElo "1903"]
[PlyCount "48"]
[GameId "2160767911096138"]
[EventDate "2004.06.25"]
[EventType "tourn"]
[EventRounds "6"]
[EventCountry "CAN"]
[SourceTitle "EXT 2006"]
[Source "ChessBase"]
[SourceDate "2005.11.24"]
[SourceVersion "1"]
[SourceVersionDate "2005.11.24"]
[SourceQuality "1"]

1. d4 g6 2. c4 Bg7 3. Nc3 Nf6 4. Nf3 O-O 5. Bf4 d6 6. h3 Re8 7. e3 b5 8. cxb5 a6 9. bxa6 Nxa6 10. Bc4 c5 11. O-O d5 12. Bb5 Rf8 13. Bc6 Ra7 14. Nb5 Rd7 15. a4 c4 16. b3 c3 17. Bxd7 Qxd7 18. Nxc3 Nh5 19. Bh2 Nc5 20. dxc5 Bxc3 21. Rc1 Bb2 22. c6 Qe6 23. Nd4 Qe4 24. Qc2 f5 1-0

[Event "Marathon de Granby-A"]
[Site "Granby CAN"]
[Date "2004.04.30"]
[Round "1"]
[White "Leger, Maxime"]
[Black "Caire, Francois"]
[Result "0-1"]
[WhiteElo "1614"]
[BlackElo "2094"]
[PlyCount "32"]
[GameId "2160767911158364"]
[EventDate "2004.04.30"]
[EventType "swiss"]
[EventRounds "7"]
[EventCountry "CAN"]

1. d4 Nf6 2. c4 e6 3. Nc3 Bb4 4. Qc2 c5 5. dxc5 O-O 6. a3 Bxc5 7. Nf3 b6 8. g3 Bb7 9. Bg2 Be7 10. O-O d6 11. Rd1 a6 12. b3 Qc7 13. Bb2 Nbd7 14. Rac1 Rac8 15. Qd2 Nc5 16. Ne1 Nxb3 0-1

[Event "Marathon de Granby-A"]
[Site "Granby CAN"]
[Date "2004.04.30"]
[Round "1"]
[White "Papineau (Granby), Daniel"]
[Black "Benoit, Sebastien"]
[Result "1-0"]
[WhiteElo "2016"]
[BlackElo "1560"]
[PlyCount "85"]
[GameId "2160767911158365"]
[EventDate "2004.04.30"]
[EventType "swiss"]
[EventRounds "7"]
[EventCountry "CAN"]

1. d4 Nf6 2. c4 e6 3. Nc3 c5 4. d5 exd5 5. cxd5 d6 6. Nf3 g6 7. Nd2 Nbd7 8. e4 Bg7 9. Nc4 Nb6 10. Ne3 O-O 11. Be2 Re8 12. Qc2 Qe7 13. Bf3 h5 14. h3 a6 15. a4 Nbd7 16. O-O Ne5 17. Be2 g5 18. f3 h4 19. Ng4 Nh5 20. Be3 Ng3 21. Rfe1 f5 22. Nxe5 Bxe5 23. Qd2 Bf6 24. Bd3 Qg7 25. Bf2 f4 26. a5 Bd7 27. Bc2 b5 28. axb6 Reb8 29. Ba4 Rxb6 30. Bxd7 Qxd7 31. Ra2 Rab8 32. e5 Bxe5 33. Rxe5 dxe5 34. Bxc5 Rf6 35. b4 Rd8 36. Qe1 Qf7 37. Rd2 Qe8 38. d6 Qe6 39. Nd5 Rf7 40. Ne7+ Kh8 41. Bd4 Rxe7 42. dxe7 Qxe7 43. Qxe5+ 1-0

[Event "Marathon de Granby-A"]
[Site "Granby CAN"]
[Date "2004.05.01"]
[Round "1"]
[White "Marcone, Malcom"]
[Black "Tremblay, Rejean"]
[Result "1/2-1/2"]
[WhiteElo "1904"]
[BlackElo "2178"]
[PlyCount "123"]
[GameId "2160767911158366"]
[EventDate "2004.04.30"]
[EventType "swiss"]
[EventRounds "7"]
[EventCountry "CAN"]

1. d4 e6 2. c4 f5 3. g3 Nf6 4. Bg2 c6 5. Nf3 d5 6. O-O Bd6 7. b3 Qe7 8. Nbd2 O-O 9. Ne5 b6 10. Ndf3 Ne4 11. Nd3 Bb7 12. Bf4 Nd7 13. Bxd6 Qxd6 14. Rc1 Rac8 15. Qc2 c5 16. Qb2 Rfd8 17. cxd5 exd5 18. dxc5 bxc5 19. Rfd1 Qb6 20. Nf4 Ndf6 21. Bh3 g5 22. Nxg5 Nxg5 23. Bxf5 Rc6 24. h4 Nf7 25. g4 Bc8 26. Bxc8 Rcxc8 27. g5 Ne4 28. f3 c4+ 29. Qd4 Qxd4+ 30. Rxd4 cxb3 31. Rxc8 Rxc8 32. axb3 Nc3 33. Kf2 Rc5 34. b4 Rc4 35. Ke3 Nd6 36. Rd3 Nf5+ 37. Kf2 Rxf4 38. Rxc3 Rxb4 39. Rc8+ Kg7 40. Rc7+ Kg6 41. Rxa7 Rxh4 42. e4 dxe4 43. fxe4 Rxe4 44. Kf3 Re7 45. Ra5 Kxg5 46. Rb5 h5 47. Ra5 h4 48. Rb5 h3 49. Kf2 h2 50. Kg2 Re2+ 51. Kh1 Rf2 52. Ra5 Kg4 53. Ra4+ Kg5 54. Ra5 Kf6 55. Ra6+ Ke7 56. Ra7+ Kd6 57. Ra6+ Kc7 58. Rg6 Ne3 59. Rg7+ Kd6 60. Rg6+ Ke5 61. Rg8 Kf6 62. Rg4 1/2-1/2